000 00624nam a2200229 i 4500
001 C2-0237211
003 PPAK
005 20180727200800.0
008 011205s1959 ii |||| ||||| | eng d
040 _aPPAK
_beng
_cPPAK
_erda
082 0 4 _a823
_223
090 0 0 _a823
_bSMI
_dKSI
100 1 _aSmiles, Samuel,
_eauthor
245 1 0 _aThrift :
_ba book of Domestic Council
264 1 _aBombay, India :
_bWilco Publishing House ,
_c1959
300 _a314 pages ;
_c16 cm
336 _2rdacontent
_atext
337 _2rdamedia
_aunmediated
338 _2rdacarrier
_avolume
650 1 0 _aEnglish fiction
942 _ddc
_cB
999 _c52905
_d52905